Score 0/34 Timer 06:00
0 Plays Today
Compressed Name Author % Correct
LolstoyLeo Tolstoy
95.8%
VugoVictor Hugo
94.4%
CrontëCharlotte Brontë
91.4%
RiplingRudyard Kipling
89.7%
JustenJane Austen
88.8%
TapoteTruman Capote
88.3%
JalingerJ. D. Salinger
88.1%
HelvilleHerman Melville
86%
IsimovIsaac Asimov
85.5%
AumasAlexandre Dumas
83.2%
FafkaFranz Kafka
81.6%
GhaucerGeoffrey Chaucer
79.4%
JerouacJack Kerouac
78.4%
TardyThomas Hardy
76.2%
OildeOscar Wilde
74.5%
GliotGeorge Eliot
70.6%
SlathSylvia Plath
70.5%
Compressed Name Author % Correct
UcoUmberto Eco
68%
NailerNorman Mailer
66.7%
JarrieJ. M. Barrie
66.5%
BasternakBoris Pasternak
65.8%
WhackerayWilliam Makepeace Thackeray
65.7%
VabokovVladimir Nabokov
61.6%
RudlumRobert Ludlum
59.4%
MendakMaurice Sendak
51.4%
GlaubertGustave Flaubert
50.3%
DammettDashiell Hammett
48.4%
MuzoMario Puzo
46.3%
KrahameKenneth Grahame
44.7%
IllendeIsabel Allende
42.7%
SierkegaardSøren Kierkegaard
41.7%
ZurstonZora Neale Hurston
41.2%
M'EngleMadeleine L'Engle
32.4%
CgCeleste Ng
13.8%
Remove Ads.
Support Sporcle.
Get the best of Sporcle when you Go Orange. This ad-free experience offers more features, more stats, and more fun while also helping to support Sporcle. Thank you for becoming a member.

You're not logged in!

Compare scores with friends on all Sporcle quizzes.
OR
Log In

Show Comments

Extras

Top Quizzes Today


Score Distribution

Your Account Isn't Verified!

In order to create a playlist on Sporcle, you need to verify the email address you used during registration. Go to your Sporcle Settings to finish the process.

Report this User

Report this user for behavior that violates our Community Guidelines.

Details: